2000 tips for teachers (Record no. 1387032)

MARC details
000 -LEADER
fixed length control field 00634nam a2200229Ia 4500
005 - DATE AND TIME OF LATEST TRANSACTION
control field 20250508164109.0
008 - FIXED-LENGTH DATA ELEMENTS--GENERAL INFORMATION
fixed length control field 008 250505s9999 xx 000 0 eng d
020 ## - INTERNATIONAL STANDARD BOOK NUMBER
International Standard Book Number 81-7554-154-7
037 ## - SOURCE OF ACQUISITION
Stock number TextBook
040 ## - CATALOGING SOURCE
Original cataloging agency FEDL
Language of cataloging eng
Transcribing agency FEDL
041 ## - LANGUAGE CODE
Language code of text/sound track or separate title eng
Source of code eng
084 ## - COLON CLASSIFICATION NUMBER
Classification number 371.1, PAC
Assigning agency FEDL
100 ## - MAIN ENTRY--PERSONAL NAME
Personal name Packard Nick Ed.
9 (RLIN) 777314
245 #0 - TITLE STATEMENT
Title 2000 tips for teachers
260 ## - PUBLICATION, DISTRIBUTION, ETC.
Place of publication, distribution, etc. New Delhi, India
Name of publisher, distributor, etc. Viva Books Private Limited
Date of publication, distribution, etc. 2003
300 ## - PHYSICAL DESCRIPTION
Extent xii,287p
365 ## - TRADE PRICE
Price type code INR
Price amount 395
650 ## - SUBJECT ADDED ENTRY--TOPICAL TERM
Topical term or geographic name entry element Teaching Personnel
700 ## - ADDED ENTRY--PERSONAL NAME
Personal name Race Phil Ed.
9 (RLIN) 777315
942 ## - ADDED ENTRY ELEMENTS (KOHA)
Koha item type Textbook
Classification part 371.1, PAC
Holdings
Withdrawn status Lost status Damaged status Not for loan Home library Current library Date acquired Cost, normal purchase price Total Checkouts Full call number Barcode Date last seen Price effective from Koha item type
        Department of Education Library Department of Education Library 2025-05-08 395.00   371.1, PAC EL0080646 2025-05-08 2025-05-08 Textbook
Copyright @ Delhi University Library System